[Event "GER-ch 94th"]
[Site "Ostfildern"]
[Date "2023.08.19"]
[Round "8"]
[White "Koelle, Tobias"]
[Black "Dahl, Christoph"]
[Result "1-0"]
[WhiteElo "2438"]
[BlackElo "2336"]
[PlyCount "89"]
[EventDate "2023.08.14"]
[EventType "swiss"]
[EventRounds "9"]
[EventCountry "GER"]
[SourceTitle "CBM 215 Extra"]
[Source "ChessBase"]
[SourceDate "2023.09.30"]
[SourceVersion "1"]
[SourceVersionDate "2023.09.30"]
[SourceQuality "1"]

1. d4 Nf6 2. c4 g6 3. Nc3 Bg7 4. e4 d6 5. h3 0-0 6. Be3 c5 7. Nf3 Qa5 8. Bd3 cxd4 9. Nxd4 Nc6 10. 0-0 Nxd4 11. Bxd4 Be6 12. Be2 Nd7 13. Nd5 Bxd5 14. exd5 Bxd4 15. Qxd4 Rac8 16. Rfe1 Rc7 17. Bf1 Re8 18. Re3 a6 19. Rae1 Nf6 20. a3 Qa4 21. b4 Qd7 22. Qb6 Qd8 23. a4 Qd7 24. a5 Qd8 25. g3 Qc8 26. Qd4 Nh5 27. Re4 Ng7 28. Qb6 Qd8 29. c5 dxc5 30. bxc5 Rd7 31. c6 Rxd5 32. Qxb7 Ne6 33. Bc4 Rd1 34. Bxe6 fxe6 35. Qxa6 Qd2 36. Qf1 Rxe1 37. Qxe1 Qc2 38. Rxe6 Rb8 39. c7 Rb1 40. c8Q+ Qxc8 41. Qxb1 Qxe6 42. Qb6 Qe1+ 43. Kh2 Qe4 44. a6 Kf7 45. Qb7 1-0